Devinez les Villes Limitrophe de Paris - Statistiques

Statistiques générales
  • Ce quiz a été pris 87 fois
  • Le résultat moyen est 18 sur 29
Statistiques - réponses
Hint Réponse % Correct
13 Saint-Denis
91%
5 Boulogne-Billancourt
85%
27 Ivry-Sur-Seine
81%
9 Neuilly-Sur-Seine
81%
4 Issy-Les-Moulineaux
79%
19 Montreuil
79%
21 Vincennes
78%
10 Levallois-Perret
70%
15 Pantin
70%
11 Clichy
69%
3 Vanves
69%
14 Aubervilliers
67%
26 Charenton-Le-Pont
67%
17 Les Lilas
67%
1 Montrouge
67%
12 Saint-Ouen-Sur-Seine
67%
2 Malakoff
63%
8 Puteaux
61%
6 Saint-Cloud
55%
20 Saint-Mandé
55%
18 Bagnolet
54%
29 Gentilly
54%
7 Suresnes
51%
28 Le Kremlin-Bicêtre
48%
16 Le Pré-Saint-Gervais
46%
22 Fontenay-Sous-Bois
37%
24 Joinville-Le-Pont
36%
23 Nogent-Sur-Marne
36%
25 Saint-Maurice
34%
Aucun quiz correspondant
Distribution des résultats
% des personnes avec chaque résultat
Percentile par nombre de réponses
Votre historique - résultats
Vous n’avez pas pris ce quiz